[Event "Catalunya-chT Gp1"]
[Site "Barcelona"]
[Date "2017.02.04"]
[Round "3.7"]
[White "Subirachs Mancebo, Guillem"]
[Black "Morros Faura, Ricard"]
[Result "0-1"]
[WhiteElo "2128"]
[BlackElo "2256"]
[PlyCount "63"]
[EventDate "2017.01.21"]
[EventType "team-tourn"]
[EventRounds "7"]
[EventCountry "ESP"]
[SourceTitle "CBM 176 Extra"]
[Source "ChessBase"]
[SourceDate "2017.03.02"]
[SourceVersion "1"]
[SourceVersionDate "2017.03.02"]
[SourceQuality "1"]
[WhiteTeam "Peona I Peo"]
[BlackTeam "Mollet"]
[WhiteTeamCountry "ESP"]
[BlackTeamCountry "ESP"]

1. e4 d6 2. Nc3 Nf6 3. g3 g6 4. Bg2 c5 5. d3 Bg7 6. h3 Nc6 7. Be3 Rb8 8. Qd2 0-0 9. Bh6 Bxh6 10. Qxh6 Nd4 11. Qd2 b5 12. Nce2 e5 13. c3 Nc6 14. g4 b4 15. Ng3 bxc3 16. bxc3 Qa5 17. N1e2 Qa3 18. 0-0 Rb2 19. Qh6 Rxa2 20. Rxa2 Qxa2 21. f4 Qd2 22. g5 Ne8 23. f5 Ne7 24. f6 Nc6 25. Rf2 Nd8 26. Nf5 Bxf5 27. exf5 Nxf6 28. fxg6 fxg6 29. Bd5+ Nf7 30. Nf4 Nxd5 31. Ne6 Qxf2+ 32. Kh1 0-1

[Event "Catalunya-chT Gp1"]
[Site "Barcelona"]
[Date "2017.01.21"]
[Round "1.6"]
[White "Subirachs Mancebo, Guillem"]
[Black "Gallart Zafra, Jaume"]
[Result "0-1"]
[WhiteElo "2128"]
[BlackElo "2142"]
[PlyCount "144"]
[EventDate "2017.01.21"]
[EventType "team-tourn"]
[EventRounds "7"]
[EventCountry "ESP"]
[SourceTitle "CBM 176 Extra"]
[Source "ChessBase"]
[SourceDate "2017.03.02"]
[SourceVersion "1"]
[SourceVersionDate "2017.03.02"]
[SourceQuality "1"]
[WhiteTeam "Peona I Peo"]
[BlackTeam "Tres Peons"]
[WhiteTeamCountry "ESP"]
[BlackTeamCountry "ESP"]

1. e4 c5 2. b3 Nf6 3. e5 Nd5 4. Bb2 Nc6 5. Na3 a6 6. g3 d6 7. exd6 e5 8. Bg2 Be6 9. Nc4 Bxd6 10. Nxd6+ Qxd6 11. Nf3 f6 12. Qe2 0-0 13. 0-0 Rfd8 14. h3 Rac8 15. Rac1 Nc7 16. Rfd1 Qd7 17. Kh2 Bd5 18. Ne1 Ne6 19. Qg4 Bxg2 20. Kxg2 Ncd4 21. Bxd4 cxd4 22. d3 Nc7 23. Qxd7 Rxd7 24. c4 dxc3 25. Rxc3 Rcd8 26. Rdc1 Nb5 27. Rc8 Rxc8 28. Rxc8+ Kf7 29. Kf3 Ke6 30. Ke3 Nd6 31. Rc5 Nf5+ 32. Ke2 Kd6 33. Rc8 Nd4+ 34. Ke3 Kd5 35. Nc2 Nc6 36. b4 Re7 37. a4 Rd7 38. b5 axb5 39. axb5 Ne7 40. Nb4+ Kd6 41. Rc4 Nf5+ 42. Ke4 Ke6 43. Kf3 Nd4+ 44. Ke3 Nxb5 45. Rc5 Nd4 46. g4 g6 47. f4 exf4+ 48. Kxf4 Nb3 49. Rb5 Nd4 50. Rb6+ Ke7 51. Ke4 f5+ 52. gxf5 Nxf5 53. Nd5+ Kd8 54. Ke5 Ne7 55. Nf4 Kc7 56. Re6 b5 57. Rf6 Nc6+ 58. Ke6 Rd6+ 59. Kf7 Rxf6+ 60. Kxf6 b4 61. Nd5+ Kd6 62. Nxb4 Nxb4 63. Kg7 Nxd3 64. Kxh7 Ne5 65. Kh6 Ke6 66. Kg5 Kf7 67. h4 Kg7 68. h5 Nf7+ 69. Kg4 g5 70. Kf5 Kh6 71. Kg4 Ne5+ 72. Kf5 g4 0-1

[Event "Catalunya-chT Gp2 final"]
[Site "Barcelona"]
[Date "2016.04.16"]
[Round "4.3"]
[White "Subirachs Mancebo, Guillem"]
[Black "Sanchez Lopez, Juan Manuel"]
[Result "1/2-1/2"]
[WhiteElo "2097"]
[BlackElo "2083"]
[PlyCount "39"]
[EventDate "2016.03.12"]
[EventType "team-tourn"]
[EventRounds "4"]
[EventCountry "ESP"]
[SourceTitle "EXT 2017"]
[Source "ChessBase"]
[SourceDate "2016.10.25"]
[SourceVersion "1"]
[SourceVersionDate "2016.10.25"]
[SourceQuality "1"]
[WhiteTeam "Peona I Peo"]
[BlackTeam "Barcelona Unio Graciencia"]
[WhiteTeamCountry "ESP"]
[BlackTeamCountry "ESP"]

1. e4 c5 2. b3 Nc6 3. Bb2 e5 4. Bc4 Nf6 5. Nc3 d6 6. d3 Be7 7. Nge2 Bg4 8. f3 Bh5 9. 0-0 a6 10. a4 0-0 11. Qd2 Nd4 12. Ng3 Bg6 13. a5 Nd7 14. Bc1 Ne6 15. Nd5 Bg5 16. Qe1 Kh8 17. f4 exf4 18. Nxf4 Nxf4 19. Bxf4 Bxf4 20. Rxf4 1/2-1/2

[Event "Catalunya-chT Gp2 final"]
[Site "Barcelona"]
[Date "2016.04.09"]
[Round "3.4"]
[White "Subirachs Mancebo, Guillem"]
[Black "Martinez Garcia, Jesus Antonio"]
[Result "1-0"]
[WhiteElo "2097"]
[BlackElo "1975"]
[PlyCount "65"]
[EventDate "2016.03.12"]
[EventType "team-tourn"]
[EventRounds "4"]
[EventCountry "ESP"]
[SourceTitle "EXT 2017"]
[Source "ChessBase"]
[SourceDate "2016.10.25"]
[SourceVersion "1"]
[SourceVersionDate "2016.10.25"]
[SourceQuality "1"]
[WhiteTeam "Peona I Peo"]
[BlackTeam "Catalunya"]
[WhiteTeamCountry "ESP"]
[BlackTeamCountry "ESP"]

1. e4 Nf6 2. e5 Nd5 3. c4 Nb6 4. c5 Nd5 5. Nc3 e6 6. d4 d6 7. cxd6 cxd6 8. Nf3 Nc6 9. exd6 Bxd6 10. Bd3 Nf4 11. Bxf4 Bxf4 12. 0-0 0-0 13. Re1 g6 14. Be4 f5 15. Bxc6 bxc6 16. Qa4 Qd6 17. b4 Bd7 18. Qa5 Rfb8 19. a3 Rb7 20. Rad1 Rab8 21. Ne5 Bxe5 22. dxe5 Qc7 23. Qc5 Qb6 24. Qe7 Qd8 25. Qxd8+ Rxd8 26. Na4 Kf7 27. Nc5 Rc7 28. Rd6 Ke7 29. Red1 a6 30. Nxe6 Bxe6 31. Rxd8 Bd5 32. Ra8 Ke6 33. f4 1-0

[Event "Catalunya-chT"]
[Site "Catalunya"]
[Date "2014.04.05"]
[Round "11.2"]
[White "Subirachs Mancebo, Guillem"]
[Black "Fernandez Alonso, Miquel Angel"]
[Result "1/2-1/2"]
[WhiteElo "2120"]
[BlackElo "2094"]
[PlyCount "31"]
[EventDate "2014.01.25"]
[EventType "team"]
[EventRounds "11"]
[EventCountry "ESP"]
[SourceTitle "EXT 2015"]
[Source "ChessBase"]
[SourceDate "2014.11.20"]
[SourceVersion "1"]
[SourceVersionDate "2014.11.20"]
[SourceQuality "1"]
[WhiteTeam "Peona I Peo"]
[BlackTeam "Reus Deportiu"]
[WhiteTeamCountry "ESP"]
[BlackTeamCountry "ESP"]

1. e4 c5 2. b3 Nc6 3. Bb2 e5 4. Bc4 Nf6 5. Nc3 d6 6. d3 Be7 7. Nge2 Be6 8. 0-0 0-0 9. a4 Nd4 10. Ng3 Qd7 11. Bc1 d5 12. exd5 Nxd5 13. Nxd5 Bxd5 14. c3 Nc6 15. f4 Rad8 16. Qe2 1/2-1/2

[Event "Catalunya-chT"]
[Site "Catalunya"]
[Date "2014.03.22"]
[Round "9.2"]
[White "Subirachs Mancebo, Guillem"]
[Black "Almirall Botella, Jaume"]
[Result "0-1"]
[WhiteElo "2120"]
[BlackElo "2055"]
[PlyCount "118"]
[EventDate "2014.01.25"]
[EventType "team"]
[EventRounds "11"]
[EventCountry "ESP"]
[SourceTitle "EXT 2015"]
[Source "ChessBase"]
[SourceDate "2014.11.20"]
[SourceVersion "1"]
[SourceVersionDate "2014.11.20"]
[SourceQuality "1"]
[WhiteTeam "Peona I Peo"]
[BlackTeam "Sitges"]
[WhiteTeamCountry "ESP"]
[BlackTeamCountry "ESP"]

1. e4 c6 2. d4 d5 3. Nc3 dxe4 4. Nxe4 Bf5 5. Ng3 Bg6 6. Bc4 e6 7. N1e2 Bd6 8. 0-0 Qc7 9. f4 Ne7 10. Bd3 Nd7 11. Kh1 Nf6 12. c4 Rd8 13. Qc2 Bxd3 14. Qxd3 0-0 15. Qf3 c5 16. Be3 Nf5 17. Nxf5 exf5 18. d5 Rfe8 19. Nc3 a6 20. Rae1 Re7 21. Bf2 Rde8 22. Rxe7 Qxe7 23. Bh4 g6 24. Kg1 Kg7 25. Re1 Qd7 26. Bxf6+ Kxf6 27. Rxe8 Qxe8 28. Kf2 b5 29. cxb5 axb5 30. Qd3 Bxf4 31. Nxb5 Be5 32. b3 Qd7 33. a4 Ke7 34. a5 Qb7 35. d6+ Kd7 36. Qc4 Bxd6 37. Qd3 Qa6 38. Qc4 Qxa5 39. Qxf7+ Be7 40. Qd5+ Kc8 41. Qc6+ Kb8 42. Qd7 Bd8 43. Qd6+ Bc7 44. Qd3 Qb6 45. Qc4 h6 46. Nc3 Qb4 47. Qg8+ Ka7 48. Qg7 Qf4+ 49. Kg1 Qe5 50. Nb5+ Kb7 51. Qxe5 Bxe5 52. g3 Kc6 53. Na3 Kd5 54. Kf2 Kd4 55. Nc4 Bf6 56. Nd6 Kc3 57. h4 h5 58. Kf3 Kxb3 59. Nb5 c4 0-1

[Event "Catalunya-chT"]
[Site "Catalunya"]
[Date "2014.01.25"]
[Round "1.2"]
[White "Subirachs Mancebo, Guillem"]
[Black "Ibanez Tarradellas, Eduardo"]
[Result "1-0"]
[WhiteElo "2120"]
[BlackElo "2336"]
[PlyCount "93"]
[EventDate "2014.01.25"]
[EventType "team"]
[EventRounds "11"]
[EventCountry "ESP"]
[SourceTitle "CBM 158 Extra"]
[Source "ChessBase"]
[SourceDate "2014.02.28"]
[SourceVersion "1"]
[SourceVersionDate "2014.02.28"]
[SourceQuality "1"]
[WhiteTeam "Peona I Peo"]
[BlackTeam "Barcelona Uga"]
[WhiteTeamCountry "ESP"]
[BlackTeamCountry "ESP"]

1. e4 d5 2. exd5 Qxd5 3. Nc3 Qa5 4. d4 Nf6 5. Nf3 Bg4 6. h3 Bh5 7. g4 Bg6 8. Ne5 Nbd7 9. Nc4 Qa6 10. Bf4 Qe6+ 11. Ne3 Qb6 12. Nc4 Qe6+ 13. Ne3 0-0-0 14. d5 Nxd5 15. Qxd5 Qxd5 16. Ncxd5 e6 17. Nc3 Nb6 18. Bg2 Bb4 19. 0-0 Bxc3 20. bxc3 Na4 21. Rfe1 f6 22. Rab1 c6 23. Bxc6 Nc5 24. Bg2 e5 25. Bg3 Rd2 26. Red1 Bxc2 27. Rxd2 Bxb1 28. Nf5 Rd8 29. Ne7+ Kc7 30. Nd5+ Kc8 31. Rb2 Be4 32. Bxe4 Nxe4 33. c4 a6 34. Kg2 b5 35. Ne3 bxc4 36. Nxc4 Rd4 37. Rc2 Kd7 38. f3 Nxg3 39. Kxg3 Ke6 40. Kf2 g6 41. Ke3 f5 42. Nb2 h5 43. Rc6+ Kf7 44. Nd3 f4+ 45. Ke2 Ra4 46. Nxe5+ Ke7 47. Nxg6+ 1-0

[Event "Barbera del Valles op 35th"]
[Site "Barbera del Valles"]
[Date "2012.07.11"]
[Round "8"]
[White "Subirachs Mancebo, Guillem"]
[Black "Aprea, Daniele"]
[Result "1-0"]
[WhiteElo "2109"]
[BlackElo "1942"]
[PlyCount "109"]
[EventDate "2012.07.04"]
[EventType "swiss"]
[EventRounds "9"]
[EventCountry "ESP"]
[SourceTitle "CBM 149 Extra"]
[Source "ChessBase"]
[SourceDate "2012.08.24"]
[SourceVersion "1"]
[SourceVersionDate "2012.08.24"]
[SourceQuality "1"]

1. e4 e6 2. Nc3 d5 3. Nf3 Nf6 4. e5 Nfd7 5. d4 c5 6. dxc5 Nc6 7. Bf4 Bxc5 8. Bd3 f6 9. exf6 Nxf6 10. Qe2 0-0 11. 0-0-0 Nb4 12. Ne5 Qa5 13. Kb1 d4 14. a3 Nxd3 15. Nxd3 dxc3 16. b4 Qb5 17. Qe5 Nd5 18. Bh6 gxh6 19. Nxc5 Rf5 20. Qe4 Qc6 21. Rd3 a5 22. h4 axb4 23. Rg3+ Kf7 24. Nd3 Nf6 25. Qxf5 exf5 26. Ne5+ Kf8 27. Nxc6 bxc6 28. axb4 Nd5 29. Re1 Kf7 30. Rd3 h5 31. g3 Be6 32. Rd4 Ra4 33. Rc4 c5 34. Rxc5 Rxb4+ 35. Kc1 f4 36. Re5 Ra4 37. Kb1 fxg3 38. fxg3 Rd4 39. Kc1 Ra4 40. Kb1 Rd4 41. Kc1 Kf6 42. Re1 Rg4 43. Rc6 Ra4 44. Rexe6+ Kf5 45. Ra6 Rd4 46. Rec6 Kg4 47. Ra5 Rd2 48. Rxc3 Nxc3 49. Kxd2 Ne4+ 50. Ke3 Nxg3 51. Ra4+ Kh3 52. Rf4 Kg2 53. c4 Nf1+ 54. Rxf1 Kxf1 55. Kf3 1-0

[Event "Barbera del Valles op 35th"]
[Site "Barbera del Valles"]
[Date "2012.07.07"]
[Round "4"]
[White "Subirachs Mancebo, Guillem"]
[Black "Remolar Gallen, Jose"]
[Result "0-1"]
[WhiteElo "2109"]
[BlackElo "2121"]
[PlyCount "78"]
[EventDate "2012.07.04"]
[EventType "swiss"]
[EventRounds "9"]
[EventCountry "ESP"]
[SourceTitle "CBM 149 Extra"]
[Source "ChessBase"]
[SourceDate "2012.08.24"]
[SourceVersion "1"]
[SourceVersionDate "2012.08.24"]
[SourceQuality "1"]

1. e4 g6 2. Nc3 c6 3. g3 d5 4. Bg2 dxe4 5. Nxe4 Bg7 6. Ne2 Nd7 7. 0-0 Ngf6 8. N4c3 0-0 9. Rb1 a5 10. a3 a4 11. d4 Nb6 12. Nf4 Bg4 13. f3 Bf5 14. Be3 Nc4 15. Bf2 Bh6 16. Qe2 b5 17. Nd3 Bxd3 18. Qxd3 Nd2 19. f4 Nxb1 20. Nxb1 Qd7 21. Be1 Rfd8 22. Bb4 e6 23. Bc5 Bf8 24. Bxf8 Kxf8 25. c3 Rac8 26. Qe3 Qd6 27. Nd2 c5 28. Nf3 Ng4 29. Qe2 b4 30. Ne5 Nh6 31. Nc4 Qa6 32. f5 Nxf5 33. g4 cxd4 34. gxf5 Qxc4 35. Qe5 gxf5 36. Qh8+ Ke7 37. Qxh7 dxc3 38. bxc3 bxc3 39. Qg7 Qd4+ 0-1

[Event "Barbera del Valles op 35th"]
[Site "Barbera del Valles"]
[Date "2012.07.06"]
[Round "3"]
[White "Lacasta Palacio, Joaquim"]
[Black "Subirachs Mancebo, Guillem"]
[Result "1/2-1/2"]
[WhiteElo "2195"]
[BlackElo "2109"]
[PlyCount "64"]
[EventDate "2012.07.04"]
[EventType "swiss"]
[EventRounds "9"]
[EventCountry "ESP"]
[SourceTitle "CBM 149 Extra"]
[Source "ChessBase"]
[SourceDate "2012.08.24"]
[SourceVersion "1"]
[SourceVersionDate "2012.08.24"]
[SourceQuality "1"]

1. c4 e5 2. e3 Nc6 3. a3 g6 4. b4 Bg7 5. Bb2 d6 6. f4 Nh6 7. Nf3 0-0 8. b5 Nb8 9. fxe5 dxe5 10. Qc2 Qe7 11. Nc3 c6 12. a4 Re8 13. e4 f5 14. Ba3 Qd8 15. Be2 Nd7 16. Rb1 Nf6 17. d3 Nhg4 18. Bc5 Bf8 19. Bg1 Qa5 20. Kf1 Bh6 21. c5 Be6 22. exf5 Bxf5 23. Nh4 Be6 24. Bxg4 Nxg4 25. h3 Ne3+ 26. Bxe3 Bxe3 27. Ne4 Rf8+ 28. Ke2 Bd4 29. Nf3 Bd5 30. Nxd4 exd4 31. Rhf1 Rae8 32. Rxf8+ Rxf8 1/2-1/2

[Event "Montseny op 3rd"]
[Site "Montseny"]
[Date "2012.05.26"]
[Round "7"]
[White "Subirachs Mancebo, Guillem"]
[Black "Moratinos Izquierdo, Francisco"]
[Result "0-1"]
[WhiteElo "2104"]
[BlackElo "2040"]
[PlyCount "197"]
[EventDate "2012.04.14"]
[EventType "swiss"]
[EventRounds "8"]
[EventCountry "ESP"]
[SourceTitle "CBM 148 Extra"]
[Source "ChessBase"]
[SourceDate "2012.06.22"]
[SourceVersion "1"]
[SourceVersionDate "2012.06.22"]
[SourceQuality "1"]

1. e4 c5 2. b3 g6 3. Bb2 Nf6 4. e5 Nd5 5. e6 Nf6 6. exf7+ Kxf7 7. Nf3 Bh6 8. h4 Bg7 9. Ne5+ Ke8 10. h5 d6 11. h6 dxe5 12. hxg7 Rg8 13. Bxe5 Rxg7 14. Bb5+ Bd7 15. Qe2 Kf8 16. Nc3 Nc6 17. Bxc6 Bxc6 18. f3 Rf7 19. Ne4 Bxe4 20. fxe4 Qd7 21. 0-0-0 Qg4 22. Rde1 Qxe2 23. Rxe2 Ng4 24. Bc3 e5 25. Rh3 Ke7 26. Rd3 Rd8 27. Rd5 Rxd5 28. exd5 Kd6 29. d3 Kxd5 30. Be1 b5 31. Kb2 b4 32. Re4 Rf4 33. Re2 e4 34. g3 exd3 35. cxd3 Rf7 36. Re8 Ne5 37. Kc2 Rf1 38. Rd8+ Kc6 39. Kd2 Rf7 40. d4 Nf3+ 41. Kd1 Nxd4 42. Bxb4 Rf1+ 43. Be1 Rh1 44. Rf8 Kd5 45. Kd2 Rh2+ 46. Bf2 Ke4 47. Kc3 Nf5 48. Bxc5 Rxa2 49. g4 Ng3 50. Rf7 a6 51. Rxh7 Kf3 52. Rg7 Ne4+ 53. Kb4 g5 54. Be7 Kxg4 55. Rg6 Kf5 56. Rc6 g4 57. Bh4 Ke5 58. Rg6 Kf5 59. Rg8 a5+ 60. Kc4 Rh2 61. Bd8 Ra2 62. Bh4 Kf4 63. Ra8 Rc2+ 64. Kb5 Nd6+ 65. Kb6 Rb2 66. Rf8+ Nf5 67. Kxa5 Rxb3 68. Be1 Rb1 69. Bb4 Ke4 70. Re8+ Kd5 71. Rd8+ Kc4 72. Rc8+ Kd3 73. Rf8 Ne3 74. Rd8+ Ke2 75. Rg8 Kf3 76. Rf8+ Kg2 77. Ka4 Rf1 78. Rxf1 Kxf1 79. Bd6 Ke2 80. Kb3 Kf3 81. Bh2 Nf1 82. Bc7 Ng3 83. Kc2 Ne2 84. Bh2 Ng3 85. Bg1 Ne4 86. Bh2 Kf2 87. Bc7 Ng3 88. Kb1 Ne2 89. Kb2 Kf3 90. Bh2 Ng3 91. Bg1 Nf1 92. Kb1 g3 93. Ka2 Ke2 94. Ka3 g2 95. Ka2 Ne3 96. Kb1 Ng4 97. Kc1 Kf1 98. Bc5 Nf2 99. Bxf2 0-1

[Event "Montseny op 3rd"]
[Site "Montseny"]
[Date "2012.05.19"]
[Round "6"]
[White "Ayala Abenza, Jose Luis"]
[Black "Subirachs Mancebo, Guillem"]
[Result "1/2-1/2"]
[WhiteElo "2072"]
[BlackElo "2104"]
[PlyCount "69"]
[EventDate "2012.04.14"]
[EventType "swiss"]
[EventRounds "8"]
[EventCountry "ESP"]
[SourceTitle "CBM 148 Extra"]
[Source "ChessBase"]
[SourceDate "2012.06.22"]
[SourceVersion "1"]
[SourceVersionDate "2012.06.22"]
[SourceQuality "1"]

1. e4 c5 2. Nf3 Nc6 3. d4 cxd4 4. Nxd4 Nf6 5. Nc3 e6 6. Ndb5 Bb4 7. a3 Bxc3+ 8. Nxc3 d5 9. exd5 exd5 10. Bd3 0-0 11. 0-0 d4 12. Ne2 Bg4 13. f3 Bh5 14. Nf4 Bg6 15. Nxg6 hxg6 16. f4 Ne7 17. Bd2 Nf5 18. Qf3 Nd5 19. Rfe1 Nde3 20. Qxb7 Rb8 21. Qxa7 Qd5 22. Re2 Rxb2 23. Bxe3 Nxe3 24. c4 Qb7 25. Qxb7 Rxb7 26. a4 Rb3 27. Rd2 Rc3 28. a5 Nxc4 29. Bxc4 Rxc4 30. a6 Ra8 31. Rb2 Rc7 32. Kf2 Kh7 33. Ra3 Rc3 34. Rxc3 dxc3 35. Rc2 1/2-1/2

[Event "Montseny op 3rd"]
[Site "Montseny"]
[Date "2012.05.05"]
[Round "4"]
[White "Capellades Subirana, Marc"]
[Black "Subirachs Mancebo, Guillem"]
[Result "1-0"]
[WhiteElo "2266"]
[BlackElo "2104"]
[PlyCount "55"]
[EventDate "2012.04.14"]
[EventType "swiss"]
[EventRounds "8"]
[EventCountry "ESP"]
[SourceTitle "CBM 148 Extra"]
[Source "ChessBase"]
[SourceDate "2012.06.22"]
[SourceVersion "1"]
[SourceVersionDate "2012.06.22"]
[SourceQuality "1"]

1. e4 Nf6 2. Nc3 e5 3. Nge2 Nc6 4. d3 Bc5 5. Ng3 d5 6. Be2 Be6 7. 0-0 Qd7 8. Bg5 d4 9. Bxf6 dxc3 10. Nh5 cxb2 11. Nxg7+ Kf8 12. Rb1 Rg8 13. Qd2 Be7 14. Nh5 Rg6 15. Bxe7+ Kxe7 16. Rxb2 Rag8 17. Ng3 b6 18. c3 h5 19. Bxh5 Rg5 20. d4 Na5 21. d5 Bg4 22. Bxg4 Qxg4 23. f3 Qh4 24. Nf5+ Rxf5 25. exf5 Nc4 26. Qf2 Qf4 27. Re2 Qxf5 28. Qh4+ 1-0

[Event "Montseny op 3rd"]
[Site "Montseny"]
[Date "2012.04.21"]
[Round "2"]
[White "Alquezar Calpena, Marc"]
[Black "Subirachs Mancebo, Guillem"]
[Result "0-1"]
[WhiteElo "1830"]
[BlackElo "2104"]
[PlyCount "62"]
[EventDate "2012.04.14"]
[EventType "swiss"]
[EventRounds "8"]
[EventCountry "ESP"]
[SourceTitle "CBM 148 Extra"]
[Source "ChessBase"]
[SourceDate "2012.06.22"]
[SourceVersion "1"]
[SourceVersionDate "2012.06.22"]
[SourceQuality "1"]

1. e4 c5 2. Nf3 Nc6 3. d4 cxd4 4. Nxd4 Nf6 5. Nc3 e6 6. Ndb5 Bb4 7. a3 Bxc3+ 8. Nxc3 d5 9. exd5 exd5 10. Bd3 0-0 11. 0-0 d4 12. Ne4 Bf5 13. Bg5 Bxe4 14. Bxe4 h6 15. Bxf6 Qxf6 16. Bxc6 bxc6 17. Qd3 Rfe8 18. Rfe1 Re5 19. Re4 Rae8 20. Rae1 c5 21. f4 R5e7 22. Rxe7 Rxe7 23. Rxe7 Qxe7 24. Kf2 h5 25. g3 h4 26. Qe2 Qb7 27. b3 Qh1 28. Qe8+ Kh7 29. Qxf7 Qxh2+ 30. Kf1 Qh3+ 31. Ke2 hxg3 0-1

[Event "Barcelona Tancat Sant Marti 1st"]
[Site "Barcelona"]
[Date "2009.10.31"]
[Round "5"]
[White "Riera Danes, Manel"]
[Black "Subirachs Mancebo, Guillem"]
[Result "0-1"]
[WhiteElo "2059"]
[BlackElo "2084"]
[PlyCount "20"]
[EventDate "2009.10.03"]
[EventType "tourn"]
[EventRounds "9"]
[EventCountry "ESP"]
[SourceTitle "EXT 2024"]
[Source "ChessBase"]
[SourceDate "2023.10.10"]
[SourceVersion "1"]
[SourceVersionDate "2023.10.10"]
[SourceQuality "1"]

1. e4 c5 2. Nf3 Nc6 3. d4 cxd4 4. Nxd4 Nf6 5. Nc3 e6 6. Ndb5 Bb4 7. Nd6+ Ke7 8. Bf4 e5 9. Bg5 Bxd6 10. Nd5+ Ke8 0-1

[Event "Barcelona Tancat Sant Marti 1st"]
[Site "Barcelona"]
[Date "2009.10.10"]
[Round "2"]
[White "Subirachs Mancebo, Guillem"]
[Black "Gonzalez Valenzuela, Didac"]
[Result "0-1"]
[WhiteElo "2084"]
[BlackElo "2143"]
[PlyCount "68"]
[EventDate "2009.10.03"]
[EventType "tourn"]
[EventRounds "9"]
[EventCountry "ESP"]
[SourceTitle "EXT 2024"]
[Source "ChessBase"]
[SourceDate "2023.10.10"]
[SourceVersion "1"]
[SourceVersionDate "2023.10.10"]
[SourceQuality "1"]

1. e4 e6 2. Nc3 d5 3. Nf3 c5 4. d4 Nf6 5. e5 Nfd7 6. dxc5 Bxc5 7. Bd3 Nc6 8. Bf4 f6 9. exf6 Nxf6 10. Qe2 Bb4 11. Bd2 0-0 12. 0-0-0 Qe7 13. Rhe1 Bd7 14. g4 g6 15. h3 a6 16. Ne5 Nxe5 17. Qxe5 Bd6 18. Qe2 Qg7 19. f3 b5 20. Qg2 b4 21. Ne2 e5 22. Ng3 a5 23. h4 a4 24. Kb1 a3 25. Bc1 Be6 26. b3 Nd7 27. h5 Nc5 28. hxg6 hxg6 29. Rh1 e4 30. fxe4 Bxg4 31. Rde1 Bf4 32. exd5 Bxc1 33. Kxc1 Nxd3+ 34. cxd3 Qa1+ 0-1

[Event "Barcelona Tancat Sant Marti 1st"]
[Site "Barcelona"]
[Date "2009.10.03"]
[Round "1"]
[White "Salvo Garcia, Roger"]
[Black "Subirachs Mancebo, Guillem"]
[Result "1/2-1/2"]
[WhiteElo "2119"]
[BlackElo "2084"]
[PlyCount "41"]
[EventDate "2009.10.03"]
[EventType "tourn"]
[EventRounds "9"]
[EventCountry "ESP"]
[SourceTitle "EXT 2024"]
[Source "ChessBase"]
[SourceDate "2023.10.10"]
[SourceVersion "1"]
[SourceVersionDate "2023.10.10"]
[SourceQuality "1"]

1. d4 d5 2. c4 e6 3. g3 Nf6 4. Bg2 c6 5. Nf3 Nbd7 6. Qc2 Bd6 7. 0-0 0-0 8. Rd1 Qe7 9. b3 e5 10. cxd5 cxd5 11. dxe5 Nxe5 12. Nxe5 Bxe5 13. Ba3 Qe6 14. Nc3 Rd8 15. Bb2 b6 16. e4 Bb7 17. Nxd5 Nxd5 18. exd5 Bxd5 19. Bxe5 Bxg2 20. Kxg2 Qxe5 21. Re1 1/2-1/2

[Event "Barbera del Valles op-A 30th"]
[Site "Barbera del Valles"]
[Date "2007.07.13"]
[Round "8"]
[White "Subirachs Mancebo, Guillem"]
[Black "Bautista Sanchez, Joan"]
[Result "0-1"]
[WhiteElo "2019"]
[BlackElo "2223"]
[PlyCount "61"]
[EventDate "2007.07.06"]
[EventType "swiss"]
[EventRounds "9"]
[EventCountry "ESP"]
[SourceTitle "CBM 119 Extra"]
[Source "ChessBase"]
[SourceDate "2007.09.04"]
[SourceVersion "1"]
[SourceVersionDate "2007.09.04"]
[SourceQuality "1"]

1. e4 c6 2. d4 d5 3. Nc3 dxe4 4. Nxe4 Nd7 5. Nf3 Ngf6 6. Nxf6+ Nxf6 7. Bc4 e6 8. 0-0 Bd6 9. Qe2 Qc7 10. Ne5 0-0 11. f4 c5 12. dxc5 Bxc5+ 13. Be3 b6 14. Rad1 Bb7 15. Kh1 Bxe3 16. Qxe3 Nd5 17. Qe2 Rad8 18. Rde1 Rfe8 19. Bd3 g6 20. a3 Qc5 21. Qg4 Kg7 22. Qh3 Nf6 23. Re3 Qe7 24. Qg3 Nd5 25. Re2 Qd6 26. Qh4 Nf6 27. Qg5 Qc5 28. Rfe1 Rd4 29. Re3 Nh5 30. b4 Qe7 31. Qg4 0-1

[Event "Barbera del Valles op-A 30th"]
[Site "Barbera del Valles"]
[Date "2007.07.06"]
[Round "1"]
[White "Subirachs Mancebo, Guillem"]
[Black "Pena Riasco, Alexander"]
[Result "0-1"]
[WhiteElo "2019"]
[BlackElo "2296"]
[PlyCount "74"]
[EventDate "2007.07.06"]
[EventType "swiss"]
[EventRounds "9"]
[EventCountry "ESP"]
[SourceTitle "CBM 119 Extra"]
[Source "ChessBase"]
[SourceDate "2007.09.04"]
[SourceVersion "1"]
[SourceVersionDate "2007.09.04"]
[SourceQuality "1"]

1. e4 c5 2. Nc3 Nc6 3. g3 g6 4. Bg2 Bg7 5. d3 Nf6 6. Be3 d6 7. h3 0-0 8. Qd2 Rb8 9. Bh6 b5 10. Bxg7 Kxg7 11. f4 b4 12. Nd1 e5 13. Ne2 d5 14. exd5 Nxd5 15. 0-0 Bb7 16. Ne3 Nxe3 17. Qxe3 Qd6 18. Rae1 Rfe8 19. Qf2 f6 20. fxe5 Nxe5 21. Nf4 Bxg2 22. Nxg2 a5 23. Ne3 a4 24. b3 axb3 25. axb3 Re6 26. Qf4 Rbe8 27. Ra1 R8e7 28. h4 h5 29. Ra5 Qc6 30. Nc4 Ng4 31. Qf3 Qxf3 32. Rxf3 Re1+ 33. Rf1 R1e2 34. Nd6 R7e3 35. Ne4 f5 36. Ra7+ Kh6 37. Nf2 Rxg3+ 0-1